00914cam a22002654a 450000100090000000300040000900500170001300800410003001000170007102000150008804000180010304200080012105000220012908200170015110000190016824500530018725000120024026000560025230000350030850400640034365000390040765000440044685600850049085600730057511886792OSt20170105101203.0000111s2001 caua b 001 0 eng  a 00021365  a0767410637 aDLCcDLCdDLC apcc00aBF76.5b.C67 200100a150/.7/22211 aCozby, Paul C.10aMethods in behavioral research /cPaul C. Cozby. a7th ed. aMountain View, Calif. :bMayfield Pub. Co.,cc2001. axiii, 370 p. :bill. ;c23 cm. aIncludes bibliographical references (p. 353-363) and index. 0aPsychologyxResearchxMethodology. 0aSocial sciencesxResearchxMethodology.423Publisher descriptionuhttp://www.loc.gov/catdir/description/mh024/00021365.html413Table of contentsuhttp://www.loc.gov/catdir/toc/mh023/00021365.html